000 01424nam a2200421 i 4500
001 24568
003 KOSZ 005
005 20200713110112.0
008 s1995 pl f |000 0 pol
020 _a8386761083
040 _cKOSZ 005
_aKOSZ 005
_dKOSZ 005/EG
041 0 _apl
080 _a628.4/.5
080 _a504.05
080 _a(075.8)
100 1 _aBaran, Stanisław
_d(1946- )
_eAutor
245 1 0 _aWybrane zagadnienia z utylizacji i unieszkodliwiania odpadów /
_cStanisław Baran, Ryszard Turski.
260 _aLublin :
_bWydaw. Akademii Rolniczej,
_c1995.
300 _a176 s. :
_bfot., rys. ;
_c24 cm.
336 _2rdacontent
_aTekst
_btxt
337 _2rdamedia
_aBez urządzenia pośredniczącego
_bn
338 _2rdacarrier
_aWolumin
_bnc
380 _aKsiążki
380 _aPublikacje dydaktyczne
385 _mPoziom nauczania
_aSzkoły wyższe
388 _a1901-2000
388 _a1989-2000
504 _aBibliogr. s.174-176.
650 7 _aOdpady
650 7 _aRecykling
650 7 _aŚrodowisko człowieka
655 7 _aPodręczniki akademickie
658 _aOchrona środowiska
700 1 _aTurski, Ryszard
_d(1930- )
_eAutor
710 2 _aWydawnictwo Akademii Rolniczej (Lublin)
_4pbl
856 _uhttp://koha.tu.koszalin.pl/cgi-bin/koha/opac-detail.pl?biblionumber=24568
_yKatalog online BPK
942 _cKS
_2UKD
999 _c24568
_d24568